Statistiques concernant Tout le Monde veut prendre sa Place (finale 18/09/23)

Cliquez ici pour prendre le quiz!

Statistiques générales

  • Ce quiz a été pris 90 fois
  • Le résultat moyen est 4 sur 10

Statistiques - réponses

Réponse% Correct
Kevin
82%
Bref
80%
Kev Adams
56%
On n'demande qu'à en rire
56%
Gratouille
54%
Docteur Quinn
49%
La pédiatrie
20%
Drake Ramoray
11%
Elephant Man
5%
Q comme Kiosque
5%

Distribution des résultats

Percentile par nombre de réponses

% des personnes avec chaque résultat

Votre développement - résultats

Vous n’avez pas pris ce quiz